Music Quiz

Random Music Quiz

Blink 182, According to Google Images Quiz Stats

Quiz not verified by Sporcle

Challenge
Share
Tweet
Score 0/24 Timer 12:00
1 Play Today
% Correct
First Date
91.3%
Down
89.7%
Carousel
84.9%
Aliens Exist
81%
Roller Coaster
80.2%
Wishing Well
76.2%
Man Overboard
69%
Emo
67.5%
The Rock Show
65.1%
TV
64.3%
Toast and Bananas
59.5%
Strings
57.9%
% Correct
Snake Charmer
56.3%
Kaleidoscope
55.6%
Shut Up
50%
Easy Target
46%
Does My Breath Smell
45.2%
Natives
42.1%
After Midnight
34.9%
Mutt
34.9%
Violence
27.8%
Obvious
23%
Anthem
19.8%
Disaster
12.7%

You're not logged in!

Compare scores with friends on all Sporcle quizzes.
Sign Up with Email
OR
Log In

You Might Also Like...

Show Comments

Extras

Top Quizzes Today


Score Distribution

Your Account Isn't Verified!

In order to create a playlist on Sporcle, you need to verify the email address you used during registration. Go to your Sporcle Settings to finish the process.